Agronomic practices for aromatic and medicianal plants (Record no. 44224)

MARC details
000 -LEADER
fixed length control field 00327nam a2200109Ia 4500
082 ## - DEWEY DECIMAL CLASSIFICATION NUMBER
Classification number 633.8
Item number THO
100 ## - MAIN ENTRY--AUTHOR NAME
Personal name Thomas, J
245 #0 - TITLE STATEMENT
Title Agronomic practices for aromatic and medicianal plants
260 ## - PUBLICATION, DISTRIBUTION, ETC. (IMPRINT)
Place of publication Calicut
Name of publisher Directorate of Arecanut & Spices Development
Year of publication 2000
942 ## - ADDED ENTRY ELEMENTS (KOHA)
Koha item type Books
Holdings
Withdrawn status Lost status Damaged status Not for loan Home library Current library Date acquired Source of acquisition Full call number Accession Number Koha item type
        RRII Library RRII Library 16/12/2021 Gift 633.8 THO G00972 Books